[Event "DEM U10/U10w 2008"]
[Site "Willingen GER"]
[Date "2008.05.15"]
[Round "8"]
[White "Janke, Hendrik"]
[Black "Kempe, Anne"]
[Result "1-0"]
[Termination "normal"]
[Board "38"]
[WhiteElo "999"]
[BlackElo "1103"]
[PlyCount "33"]
[WhiteFideId "12921831"]
[BlackFideId "12918083"]
[EventCountry "GER"]
[EventRounds "11"]
[EventType "swiss"]
[EventDate "2008.05.10"]

1. e4 c5 2. Nc3 Nc6 3. Bc4 g6 4. Nf3 Bg7 5. O-O Nf6 6. d3 O-O 7. Be3 b6 8. Re1
Bb7 9. Qd2 Re8 10. Bh6 Ng4 11. Bxg7 Kxg7 12. Qf4 Nf6 13. e5 Ng8 14. Qxf7+ Kh8
15. Ng5 Nf6 16. exf6 Rg8 17. Qxh7# 1-0

[Event "DEM U10/U10w 2008"]
[Site "Willingen GER"]
[Date "2008.05.15"]
[Round "8"]
[White "Altstadt, Karl-Simon"]
[Black "Heinemann, Josefine"]
[Result "1/2-1/2"]
[Termination "normal"]
[Board "39"]
[WhiteElo "1177"]
[BlackElo "941"]
[PlyCount "123"]
[WhiteFideId "24696676"]
[BlackFideId "12900460"]
[EventCountry "GER"]
[EventRounds "11"]
[EventType "swiss"]
[EventDate "2008.05.10"]

1. e4 e5 2. Nf3 Nc6 3. Bc4 Bc5 4. Nc3 Nf6 5. d3 d6 6. h3 a6 7. Bg5 b5 8. Bd5
Bb7 9. O-O O-O 10. Ne2 h6 11. Bh4 Qe7 12. Qe1 Nb4 13. Bxb7 Nxc2 14. Qd2 Nxa1
15. Bxa8 Rxa8 16. Rxa1 a5 17. Ng3 Kf8 18. Nh5 Bb4 19. Bxf6 Qxf6 20. Nxf6 Bxd2
21. Nxd2 gxf6 22. Rc1 c5 23. g3 h5 24. Kg2 Ke7 25. Kf3 Ke6 26. g4 h4 27. Ke3
Rg8 28. f4 a4 29. Nf3 Rh8 30. Rg1 b4 31. g5 f5 32. g6 fxe4 33. dxe4 exf4+ 34.
Kxf4 fxg6 35. Rxg6+ Kd7 36. Rg7+ Kc6 37. Ke3 c4 38. Kd4 c3 39. bxc3 b3 40. axb3
axb3 41. Nd2 b2 42. Kc4 Rh5 43. Kd3 d5 44. Kc2 dxe4 45. Nxe4 Re5 46. Rg6+ Kd7
47. Kxb2 Rxe4 48. Rg7+ Kc6 49. Rh7 Kc5 50. Kb3 Kd5 51. Rh5+ Ke6 52. Rh8 Kf6 53.
Rg8 Re3 54. Rf8+ Kg7 55. Ra8 Rxh3 56. Ra7+ Kf6 57. Ra6+ Ke5 58. Ra5+ Ke4 59.
Ra4+ Kf3 60. Rd4 Kf2 61. Rd2+ Ke1 62. Rd4 1/2-1/2

[Event "DEM U10/U10w 2008"]
[Site "Willingen GER"]
[Date "2008.05.15"]
[Round "8"]
[White "Sadjjadi, Anahita"]
[Black "Boes, Julian"]
[Result "0-1"]
[Termination "normal"]
[Board "40"]
[WhiteElo "863"]
[BlackElo "966"]
[PlyCount "78"]
[BlackFideId "12907723"]
[EventCountry "GER"]
[EventRounds "11"]
[EventType "swiss"]
[EventDate "2008.05.10"]

1. e4 e6 2. Nf3 d5 3. exd5 exd5 4. d4 Nf6 5. Nc3 Bd6 6. Bg5 c6 7. Be2 O-O 8.
O-O Bf5 9. Qd2 Nbd7 10. a3 Re8 11. b4 Qc7 12. g3 h6 13. Bxf6 Nxf6 14. Nd1 Ne4
15. Qd3 Bg6 16. Qb3 Bh5 17. Qd3 Re7 18. Nc3 Rae8 19. b5 Nxc3 20. Qxc3 Rxe2 21.
Rfe1 Bxf3 22. Rxe2 Bxe2 23. Re1 cxb5 24. Qd2 Qe7 25. f4 Bxa3 26. Qa5 Qe3+ 27.
Kg2 Bf3+ 28. Kf1 Qxe1+ 29. Qxe1 Rxe1+ 30. Kxe1 Be4 31. c3 b4 32. cxb4 Bxb4+ 33.
Ke2 a5 34. h4 a4 35. Kd1 a3 36. Kc1 Bd3 37. g4 Bc3 38. g5 a2 39. gxh6 a1=Q# 0-1

[Event "DEM U10/U10w 2008"]
[Site "Willingen GER"]
[Date "2008.05.15"]
[Round "8"]
[White "Schröder, Janina"]
[Black "Buttgereit, Vincent"]
[Result "0-1"]
[Termination "normal"]
[Board "41"]
[WhiteElo "738"]
[BlackElo "928"]
[PlyCount "76"]
[WhiteFideId "24693138"]
[EventCountry "GER"]
[EventRounds "11"]
[EventType "swiss"]
[EventDate "2008.05.10"]

1. e4 e5 2. Nf3 Nc6 3. Bc4 Bc5 4. c3 Nf6 5. d4 exd4 6. cxd4 Bb4+ 7. Nc3 Nxe4 8.
O-O Nxc3 9. bxc3 Bxc3 10. Qb3 Bxd4 11. Bxf7+ Kf8 12. Bg5 Bf6 13. h4 a5 14. Bxf6
Qxf6 15. Ng5 Nd4 16. Rfe1 g6 17. Qc3 Ne2+ 18. Rxe2 Qxc3 19. Rae1 b6 20. Re8+
Kg7 21. R8e3 Qd4 22. Rg3 Qb4 23. Rf1 Qxh4 24. f4 Qxg3 25. Bd5 c6 26. Bf3 Qxf4
27. Nh3 Qd4+ 28. Nf2 Ba6 29. Rd1 Qc5 30. Rxd7+ Kh6 31. Rd2 Rhd8 32. Re2 Bxe2
33. Bxe2 Rd2 34. Bf3 Qxf2+ 35. Kh2 Rf8 36. Kh3 Rxf3+ 37. gxf3 Qg1 38. Kh4 Rh2#
0-1

[Event "DEM U10/U10w 2008"]
[Site "Willingen GER"]
[Date "2008.05.15"]
[Round "8"]
[White "Oelfke, Nils Lukas"]
[Black "Falk, Frederike"]
[Result "1/2-1/2"]
[Termination "normal"]
[Board "42"]
[WhiteElo "921"]
[BlackElo "918"]
[PlyCount "99"]
[EventCountry "GER"]
[EventRounds "11"]
[EventType "swiss"]
[EventDate "2008.05.10"]

1. e4 c6 2. d4 d5 3. exd5 cxd5 4. c4 e6 5. Nc3 Nf6 6. Nf3 Nbd7 7. Bd3 Bb4 8.
Qb3 Be7 9. O-O O-O 10. Bg5 Qc7 11. Rae1 h6 12. Bh4 b6 13. cxd5 Nb8 14. Bg3 Qd7
15. Ne5 Qd8 16. Bh4 Nbd7 17. Nc6 Qe8 18. Ne4 g5 19. Nxe7+ Qxe7 20. d6 Qe8 21.
Bg3 Nxe4 22. Bxe4 Rb8 23. Bc6 Bb7 24. Bxb7 Rxb7 25. d5 Nc5 26. Qc4 Qd7 27. b4
Na4 28. Qb3 b5 29. dxe6 fxe6 30. Qxe6+ Qxe6 31. Rxe6 Rd8 32. Re7 Rxe7 33. dxe7
Re8 34. Bd6 Nc3 35. f4 gxf4 36. Rxf4 Ne2+ 37. Kf2 Nxf4 38. Bxf4 Rxe7 39. Bxh6
Rh7 40. Be3 Rxh2 41. Bxa7 Rh7 42. Bd4 Rf7+ 43. Ke3 Re7+ 44. Kd3 Rc7 45. g4 Rd7
46. Ke4 Kf7 47. Be3 Kf6 48. g5+ Kg6 49. Ke5 Rc7 50. Kd6 1/2-1/2

[Event "DEM U10/U10w 2008"]
[Site "Willingen GER"]
[Date "2008.05.15"]
[Round "8"]
[White "Wagner, Swenja"]
[Black "Schramm, Anna-Lena"]
[Result "1/2-1/2"]
[Termination "normal"]
[Board "44"]
[WhiteElo "832"]
[BlackElo "780"]
[PlyCount "43"]
[WhiteFideId "12900494"]
[BlackFideId "12918237"]
[EventCountry "GER"]
[EventRounds "11"]
[EventType "swiss"]
[EventDate "2008.05.10"]

1. e4 e5 2. Nf3 Nc6 3. Bc4 Bc5 4. c3 Nf6 5. d4 Bb6 6. dxe5 Nxe4 7. O-O O-O 8.
Nbd2 Nxf2 9. Qe2 Ng4+ 10. Kh1 Nf2+ 11. Kg1 Nh3+ 12. Kh1 Nf4 13. Qe4 Ne6 14. Bd3
Re8 15. Qxh7+ Kf8 16. Qh8+ Ke7 17. Qh4+ f6 18. exf6+ gxf6 19. Qh7+ Kf8 20. Qh8+
Kf7 21. Qh7+ Kf8 22. Qh8+ 1/2-1/2

[Event "DEM U10/U10w 2008"]
[Site "Willingen GER"]
[Date "2008.05.15"]
[Round "8"]
[White "Döpper, Anna Berenice"]
[Black "Zeller, Anna"]
[Result "1/2-1/2"]
[Termination "normal"]
[Board "45"]
[WhiteElo "858"]
[BlackElo "690"]
[PlyCount "55"]
[WhiteFideId "1271853"]
[EventCountry "GER"]
[EventRounds "11"]
[EventType "swiss"]
[EventDate "2008.05.10"]

1. e4 e5 2. d4 exd4 3. Nf3 Nc6 4. Bc4 Nf6 5. e5 Ne4 6. Bd5 Nc5 7. Ng5 Nxe5 8.
Nxf7 Nxf7 9. Bxf7+ Kxf7 10. O-O b6 11. c3 d3 12. c4 d5 13. Qf3+ Qf6 14. Qxd5+
Be6 15. Qxa8 Bxc4 16. b3 Qxa1 17. bxc4 Qxb1 18. Ba3 Qxa2 19. Qd5+ Kg6 20. Bc1
Be7 21. Re1 Rf8 22. Qd4 Bg5 23. Bxg5 Kxg5 24. Qe3+ Kg6 25. Qg3+ Kh6 26. Qh3+
Kg6 27. Qg3+ Kh6 28. Qh3+ 1/2-1/2

[Event "DEM U10/U10w 2008"]
[Site "Willingen GER"]
[Date "2008.05.15"]
[Round "8"]
[White "Müller, Max"]
[Black "Wallat, Jessica"]
[Result "1-0"]
[Termination "normal"]
[Board "46"]
[WhiteElo "800"]
[BlackElo "760"]
[PlyCount "53"]
[WhiteFideId "12900486"]
[BlackFideId "12909637"]
[EventCountry "GER"]
[EventRounds "11"]
[EventType "swiss"]
[EventDate "2008.05.10"]

1. e4 e5 2. Nf3 Nc6 3. Bc4 h6 4. O-O Bc5 5. c3 Nf6 6. d3 O-O 7. h3 d6 8. b4 Bb6
9. Re1 Be6 10. Bxe6 fxe6 11. d4 exd4 12. cxd4 Nxb4 13. Qb3 a5 14. a3 Nc6 15.
Qxe6+ Kh8 16. e5 Nh5 17. Bxh6 gxh6 18. Qxh6+ Kg8 19. Qxh5 Qd7 20. exd6 cxd6 21.
Re4 Kg7 22. Rg4+ Kf6 23. Rg6+ Kf7 24. Rxd6+ Kg8 25. Rxd7 Rae8 26. Qg6+ Kh8 27.
Rh7# 1-0

[Event "DEM U10/U10w 2008"]
[Site "Willingen GER"]
[Date "2008.05.16"]
[Round "9"]
[White "Wagner, Robert"]
[Black "Schröder, Jan-Christian"]
[Result "1/2-1/2"]
[Termination "normal"]
[Board "1"]
[WhiteElo "1561"]
[BlackElo "1477"]
[WhiteClock "01:04:00"]
[BlackClock "01:10:00"]
[PlyCount "66"]
[WhiteFideId "24656879"]
[BlackFideId "24662259"]
[EventCountry "GER"]
[EventRounds "11"]
[EventType "swiss"]
[EventDate "2008.05.10"]

1. d4 d5 2. c4 e6 3. Nc3 Nf6 4. Bg5 Nbd7 5. Nf3 c6 6. e3 Qa5 7. Bxf6 Nxf6 8.
Qc2 Bd6 9. cxd5 exd5 10. h3 O-O 11. Bd3 Re8 12. O-O h6 13. Rfe1 Be6 14. a3 Rac8
15. Re2 c5 16. dxc5 Bxc5 17. Rae1 Bd6 18. Qa4 { [%clk 0:18.35] } Qxa4 19. Nxa4
{ [%clk 0:18.34] } Bd7 20. Nc3 { [%clk 0:14.20] } Bxa3 21. Rc1 { [%clk 0:14.01]
} Bb4 22. Rec2 { [%clk 0:13.39] } a6 23. Nd4 { [%clk 0:11.50] } Rc7 24. Nxd5 {
[%clk 0:10.50] } Rxc2 25. Nxf6+ { [%clk 0:10.37] } gxf6 26. Rxc2 { [%clk
0:10.36] } Rc8 27. Rxc8+ { [%clk 0:10.32] } Bxc8 28. Nf5 { [%clk 0:10.13] }
Bxf5 29. Bxf5 { [%clk 0:10.11] } a5 { [%clk 0:19.16] } 30. Kf1 { [%clk 0:09.59]
} Kf8 { [%clk 0:17.43] } 31. Ke2 { [%clk 0:09.58] } Ke7 { [%clk 0:16.42] } 32.
Be4 { [%clk 0:09.49] } b6 { [%clk 0:16.05] } 33. Bd5 { [%clk 0:09.44] } a4 {
[%clk 0:15.14] } 34. Kd3 { [%clk 0:08.54] } a3 { [%clk 0:15.14] } 1/2-1/2

[Event "DEM U10/U10w 2008"]
[Site "Willingen GER"]
[Date "2008.05.16"]
[Round "9"]
[White "Sawlin, Leonid"]
[Black "Manusina, Nicole"]
[Result "1-0"]
[Termination "normal"]
[Board "2"]
[WhiteElo "1431"]
[BlackElo "1601"]
[WhiteClock "01:08:00"]
[BlackClock "00:35:00"]
[PlyCount "87"]
[WhiteFideId "4689542"]
[BlackFideId "24657514"]
[EventCountry "GER"]
[EventRounds "11"]
[EventType "swiss"]
[EventDate "2008.05.10"]

1. e4 d5 2. exd5 Qxd5 3. Nc3 Qa5 4. d4 Nf6 5. Bd2 c6 6. Bc4 Bf5 7. Nf3 e6 8.
Qe2 Qc7 9. O-O-O Nbd7 10. Ne5 Bd6 11. f4 h5 12. g3 Ng4 13. h3 Ngxe5 14. fxe5
Bb4 15. Ne4 Bxd2+ 16. Nxd2 O-O-O 17. Bb3 Nb6 18. Ne4 Bxe4 19. Qxe4 c5 20. dxc5
Qxc5 21. Qf4 Qc7 22. Rhf1 Rxd1+ 23. Rxd1 Qe7 24. Rf1 Rf8 25. g4 hxg4 26. hxg4
Nd7 27. g5 Kb8 28. Ba4 Nc5 29. Bb5 a6 30. Bc4 Nd7 31. Rh1 Qc5 32. Re1 Ka8 33.
Qe4 Ka7 34. Bb3 Qe7 35. g6 Qg5+ 36. Qe3+ Qxe3+ 37. Rxe3 Nc5 38. Rf3 f6 39. exf6
Ne4 40. f7 Nc5 41. Re3 Nd7 42. Rxe6 Nf6 43. Rxf6 gxf6 44. g7 1-0

[Event "DEM U10/U10w 2008"]
[Site "Willingen GER"]
[Date "2008.05.16"]
[Round "9"]
[White "Bluhm, Sonja Maria"]
[Black "Richter, Leonard"]
[Result "1/2-1/2"]
[Termination "normal"]
[Board "3"]
[WhiteElo "1520"]
[BlackElo "1379"]
[WhiteClock "01:08:00"]
[BlackClock "00:59:00"]
[PlyCount "74"]
[WhiteFideId "24654027"]
[BlackFideId "12900290"]
[EventCountry "GER"]
[EventRounds "11"]
[EventType "swiss"]
[EventDate "2008.05.10"]

1. e4 c6 2. d4 d5 3. exd5 cxd5 4. Bd3 Nc6 5. c3 Nf6 6. h3 e6 7. Nf3 Bd6 8. O-O
Bd7 9. Qe2 O-O 10. Nbd2 Re8 11. Ne5 Re7 12. Ndf3 Ne8 13. Qc2 g6 14. Re1 Rc8 15.
Qe2 f6 16. Nxc6 bxc6 17. b4 a5 18. a3 Ra8 19. Bh6 Ng7 20. Bxg7 Kxg7 21. Qd2 e5
22. Bc2 e4 23. Nh2 f5 24. f3 Bg3 25. Red1 e3 { [%clk 0:18.38] } 26. Qe2 f4 {
[%clk 0:17.41] } 27. Bd3 h5 { [%clk 0:15.41] } 28. Qb2 { [%clk 0:19.51] } Qe8 {
[%clk 0:13.40] } 29. Be2 { [%clk 0:19.26] } a4 { [%clk 0:13.01] } 30. Rac1 {
[%clk 0:16.37] } Rc8 { [%clk 0:12.05] } 31. Qc2 { [%clk 0:16.03] } Ra8 { [%clk
0:09.55] } 32. c4 { [%clk 0:14.29] } Bf2+ { [%clk 0:06.36] } 33. Kh1 { [%clk
0:13.42] } dxc4 { [%clk 0:05.11] } 34. Qxc4 { [%clk 0:13.25] } Rc8 { [%clk
0:03.15] } 35. d5 { [%clk 0:12.32] } cxd5 { [%clk 0:02.19] } 36. Qxf4 { [%clk
0:12.11] } Rxc1 { [%clk 0:01.35] } 37. Rxc1 { [%clk 0:12.03] } Bb5 1/2-1/2

[Event "DEM U10/U10w 2008"]
[Site "Willingen GER"]
[Date "2008.05.16"]
[Round "9"]
[White "Peters, Tom"]
[Black "Wolff, Christopher"]
[Result "1/2-1/2"]
[Termination "normal"]
[Board "4"]
[WhiteElo "1472"]
[BlackElo "1373"]
[WhiteClock "00:47:00"]
[BlackClock "01:10:00"]
[PlyCount "55"]
[WhiteFideId "24694444"]
[EventCountry "GER"]
[EventRounds "11"]
[EventType "swiss"]
[EventDate "2008.05.10"]

1. e4 c5 2. Nf3 d6 3. d4 cxd4 4. Nxd4 Nf6 5. Nc3 g6 6. Be3 Bg7 7. f3 Nc6 8. Bc4
O-O 9. Qd2 Bd7 10. Bb3 Qa5 11. O-O-O Rfc8 12. Kb1 Ne5 13. Bg5 Nc4 14. Bxc4 Rxc4
15. Nb3 Qc7 16. Bxf6 Bxf6 17. Nd5 Qc8 18. Nxf6+ exf6 19. Qxd6 Be6 20. Qd2 f5
21. exf5 Bxf5 22. Rc1 Qc7 23. g4 Rd8 24. Qf2 Bd7 25. h4 Rf4 26. Qxa7 Rxf3 27.
Qa5 b6 28. Qe1 1/2-1/2

[Event "DEM U10/U10w 2008"]
[Site "Willingen GER"]
[Date "2008.05.16"]
[Round "9"]
[White "Myagkov, Kirill"]
[Black "Hirschmann, Jakob"]
[Result "1-0"]
[Termination "normal"]
[Board "5"]
[WhiteElo "1582"]
[BlackElo "1335"]
[PlyCount "101"]
[WhiteFideId "24657042"]
[BlackFideId "24652067"]
[EventCountry "GER"]
[EventRounds "11"]
[EventType "swiss"]
[EventDate "2008.05.10"]

1. e4 e6 2. d4 d5 3. exd5 exd5 4. Bd3 Nc6 5. c3 Bd6 6. Qf3 Be6 7. Ne2 Qd7 8.
Bf4 Nge7 9. Nd2 O-O-O 10. g3 Bg4 11. Qe3 Bxe2 12. Bxe2 Bxf4 13. Qxf4 Ng6 14.
Qf3 Rhe8 15. O-O-O Kb8 16. Bd3 Re7 17. Nb3 Re6 18. Nc5 Qd6 19. Nxe6 fxe6 20.
Rhe1 e5 21. Bxg6 hxg6 22. dxe5 Nxe5 23. Qe3 Nc6 24. Qe6 Qc5 25. Qxg6 b6 26. Re8
Rxe8 27. Qxe8+ Kb7 28. Qe3 Qc4 29. b3 Qb5 30. Qd3 Qc5 31. Qxd5 Qxc3+ 32. Kb1
Qf6 33. Rc1 Qg6+ 34. Kb2 Qf6+ 35. Ka3 Qe7+ 36. Kb2 Qf6+ 37. Kb1 Qg6+ 38. Rc2 a6
39. Qxc6+ Qxc6 40. Rxc6 Kxc6 41. Kc2 Kd5 42. Kd3 c5 43. f4 b5 44. g4 g6 45. h4
a5 46. h5 gxh5 47. gxh5 Ke6 48. h6 Kf7 49. f5 Kf6 50. Ke4 Kf7 51. Kd5 1-0

[Event "DEM U10/U10w 2008"]
[Site "Willingen GER"]
[Date "2008.05.16"]
[Round "9"]
[White "Sabirov, Ramil"]
[Black "Bilchinski, Anton"]
[Result "1/2-1/2"]
[Termination "normal"]
[Board "6"]
[WhiteElo "1270"]
[BlackElo "1477"]
[PlyCount "50"]
[WhiteFideId "12900303"]
[BlackFideId "24615765"]
[EventCountry "GER"]
[EventRounds "11"]
[EventType "swiss"]
[EventDate "2008.05.10"]

1. e4 g6 2. d4 Bg7 3. Nf3 d6 4. Bc4 Nf6 5. Nc3 O-O 6. Be3 c6 7. O-O b5 8. Bd3
a6 9. Ne2 Nbd7 10. Rc1 Bb7 11. Ng3 e6 12. Nd2 Qe7 13. f4 d5 14. e5 Ne8 15. Nf3
c5 16. c3 c4 17. Bc2 Nc7 18. Rb1 Rfb8 19. b3 cxb3 20. axb3 Nb6 21. Ne1 b4 22.
cxb4 Qxb4 23. Nd3 Qe7 24. Bd2 Nb5 25. Bb4 Qc7 1/2-1/2

[Event "DEM U10/U10w 2008"]
[Site "Willingen GER"]
[Date "2008.05.16"]
[Round "9"]
[White "Keller, Peter"]
[Black "Grigorian, Spartak"]
[Result "0-1"]
[Termination "normal"]
[Board "7"]
[WhiteElo "1217"]
[BlackElo "1795"]
[PlyCount "104"]
[WhiteFideId "1272105"]
[BlackFideId "24661490"]
[EventCountry "GER"]
[EventRounds "11"]
[EventType "swiss"]
[EventDate "2008.05.10"]

1. f4 d5 2. Nf3 g6 3. e3 Bg7 4. Nc3 Bg4 5. h3 Bxf3 6. Qxf3 c6 7. b3 Nd7 8. Bb2
e5 9. fxe5 Nxe5 10. Qf4 Qc7 11. d4 O-O-O 12. dxe5 Bxe5 13. Qf3 Qa5 14. Qg4+ f5
15. b4 Qb6 16. Na4 Qxe3+ 17. Qe2 Qxe2+ 18. Bxe2 Bxb2 19. Nxb2 Re8 20. Kd2 Nf6
21. Bf3 Ne4+ 22. Bxe4 fxe4 23. c4 d4 24. Rae1 Rhf8 25. Rhf1 Kd7 26. Rxf8 Rxf8
27. Ke2 Ke6 28. Rf1 d3+ 29. Ke1 Rxf1+ 30. Kxf1 Ke5 31. c5 Kd4 32. Nd1 e3 33.
Ke1 h5 34. h4 e2 35. Nb2 Kc3 36. Nxd3 Kxd3 37. a3 a6 38. g3 Ke3 39. a4 Kf3 40.
a5 Kxg3 41. Kxe2 Kxh4 42. Ke3 Kg3 43. Ke4 h4 44. Ke5 h3 45. Kd6 h2 46. Kc7 h1=Q
47. Kxb7 Qb1 48. Kxc6 Qxb4 49. Kd6 Qxa5 50. c6 Qb6 51. Kd7 a5 52. c7 Qxc7+ 0-1

[Event "DEM U10/U10w 2008"]
[Site "Willingen GER"]
[Date "2008.05.16"]
[Round "9"]
[White "Kasel, Ronaldo"]
[Black "Müller, Constantin"]
[Result "1-0"]
[Termination "normal"]
[Board "8"]
[WhiteElo "1438"]
[BlackElo "1275"]
[PlyCount "79"]
[WhiteFideId "24660949"]
[BlackFideId "24697630"]
[EventCountry "GER"]
[EventRounds "11"]
[EventType "swiss"]
[EventDate "2008.05.10"]

1. e4 e6 2. d4 d5 3. e5 c5 4. c3 Nc6 5. Nf3 Bd7 6. Bb5 Nxe5 7. Nxe5 Bxb5 8. Qb3
Qb6 9. a4 Ba6 10. Qxb6 axb6 11. Bd2 f6 12. Nf3 Bd6 13. Be3 Ne7 14. Kd2 Nf5 15.
g4 Nxe3 16. fxe3 O-O 17. Na3 Rae8 18. h4 f5 19. g5 f4 20. Nb5 fxe3+ 21. Kxe3
cxd4+ 22. Nfxd4 Bf4+ 23. Kd3 e5 24. Nc2 Bg3 25. Nb4 Rf3+ 26. Kc2 Ref8 27. Nxd5
Rd8 28. Nxb6 e4 29. Nd4 Bd3+ 30. Kb3 Rf2 31. Rae1 Re8 32. Nd5 Rc8 33. Ne7+ Kf8
34. Nxc8 Rd2 35. Re3 Bf2 36. Reh3 e3 37. Rf3+ Bf5 38. Nxf5 Ke8 39. Nxe3 Bxe3
40. Rxe3+ 1-0

[Event "DEM U10/U10w 2008"]
[Site "Willingen GER"]
[Date "2008.05.16"]
[Round "9"]
[White "Bach, Jannik"]
[Black "Xiong, Ferdinand"]
[Result "1/2-1/2"]
[Termination "normal"]
[Board "11"]
[WhiteElo "1642"]
[BlackElo "1500"]
[PlyCount "100"]
[WhiteFideId "24615900"]
[BlackFideId "24654132"]
[EventCountry "GER"]
[EventRounds "11"]
[EventType "swiss"]
[EventDate "2008.05.10"]

1. e4 c5 2. Nf3 a6 3. d4 cxd4 4. Nxd4 Nf6 5. Nc3 e5 6. Nb3 Bb4 7. Bd3 d5 8.
exd5 Nxd5 9. Bd2 Bxc3 10. Bxc3 Nxc3 11. bxc3 O-O 12. O-O Nc6 13. Nd2 Be6 14.
Re1 f5 15. Bc4 Bxc4 16. Nxc4 Re8 17. Nd6 Rf8 18. Qd5+ Kh8 19. Nf7+ Rxf7 20.
Qxf7 Rb8 21. Qxf5 Qe7 22. Rab1 Rf8 23. Qe4 Qf7 24. Qe3 Qxa2 25. Rxb7 Qxc2 26.
Rb6 Nb8 27. Re2 Qd1+ 28. Re1 Qc2 29. f3 Qf5 30. Qxe5 Qxe5 31. Rxe5 Nd7 32. Rbe6
Nxe5 33. Rxe5 Ra8 34. Ra5 Kg8 35. Kf2 Kf7 36. Ke3 Ke6 37. Ke4 Kd6 38. c4 Kc6
39. Kd4 Kb6 40. Rd5 a5 41. c5+ Kc7 42. Kc4 a4 43. Rd2 a3 44. Ra2 Kc6 45. g3 g5
46. h3 h5 47. Kb4 Ra7 48. Kc4 Ra4+ 49. Kb3 Ra6 50. Kb4 Ra7 1/2-1/2

[Event "DEM U10/U10w 2008"]
[Site "Willingen GER"]
[Date "2008.05.16"]
[Round "9"]
[White "Hoppe, Jonas"]
[Black "Wendland, Tobias"]
[Result "0-1"]
[Termination "normal"]
[Board "12"]
[WhiteElo "1280"]
[BlackElo "1314"]
[PlyCount "50"]
[BlackFideId "24662267"]
[EventCountry "GER"]
[EventRounds "11"]
[EventType "swiss"]
[EventDate "2008.05.10"]

1. e4 e6 2. d4 d5 3. Nc3 Nf6 4. e5 Nfd7 5. f4 c5 6. Nf3 Nc6 7. Be3 Qb6 8. Qd2
Qxb2 9. Rb1 Qa3 10. Rb3 Qa5 11. g4 Be7 12. f5 cxd4 13. Bxd4 Nxd4 14. Qxd4 Bc5
15. Qa4 Bb6 16. h4 O-O 17. Qf4 d4 18. Nxd4 Nc5 19. Qf3 Nxb3 20. Nxb3 Qxe5+ 21.
Be2 exf5 22. gxf5 Bxf5 23. Rg1 Bxg1 24. Kf1 Bb6 25. Nd5 Be4 0-1

[Event "DEM U10/U10w 2008"]
[Site "Willingen GER"]
[Date "2008.05.16"]
[Round "9"]
[White "Wiesner, Paula"]
[Black "Schmid, Floyd"]
[Result "0-1"]
[Termination "normal"]
[Board "13"]
[WhiteElo "1364"]
[BlackElo "1156"]
[PlyCount "94"]
[WhiteFideId "24654019"]
[BlackFideId "24686069"]
[EventCountry "GER"]
[EventRounds "11"]
[EventType "swiss"]
[EventDate "2008.05.10"]

1. e4 c5 2. c3 g6 3. d4 cxd4 4. cxd4 Bg7 5. Nf3 d6 6. Be3 Nf6 7. Nc3 O-O 8. Be2
e6 9. O-O b6 10. Qd2 Ng4 11. Bf4 e5 12. dxe5 dxe5 13. Bg3 Qxd2 14. Nxd2 Nc6 15.
Rfd1 Nd4 16. h3 Nh6 17. Nf3 Nxe2+ 18. Nxe2 f6 19. Rd2 Bb7 20. Nc3 Nf7 21. Rd7
Bc6 22. Rd3 b5 23. b4 a5 24. Rb1 f5 25. Nd2 fxe4 26. Ndxe4 axb4 27. Rxb4 Rab8
28. Nd2 Rfe8 29. Re3 Bf8 30. Rb1 b4 31. Nd1 Bh6 32. Rd3 Kg7 33. Rb2 Red8 34.
Rxd8 Rxd8 35. f4 exf4 36. Be1 Ne5 37. Nf2 f3 38. gxf3 Bxd2 39. Bxd2 Nxf3+ 40.
Kf1 Nxd2+ 41. Kg1 Nf3+ 42. Kf1 Rb8 43. Nd3 Bb5 44. Ke2 Ne5 45. Rb3 Bxd3+ 46.
Rxd3 Nxd3 47. Kxd3 b3 0-1

[Event "DEM U10/U10w 2008"]
[Site "Willingen GER"]
[Date "2008.05.16"]
[Round "9"]
[White "Gheng, Christian"]
[Black "Scholz, Robert"]
[Result "0-1"]
[Termination "normal"]
[Board "14"]
[WhiteElo "1177"]
[BlackElo "1295"]
[PlyCount "88"]
[WhiteFideId "24660345"]
[BlackFideId "1270301"]
[EventCountry "GER"]
[EventRounds "11"]
[EventType "swiss"]
[EventDate "2008.05.10"]

1. e4 e5 2. Nf3 Nc6 3. Bb5 a6 4. Ba4 Nf6 5. d3 b5 6. Bb3 Bc5 7. c3 h6 8. O-O
O-O 9. Be3 Bxe3 10. fxe3 d6 11. h3 Bb7 12. Nh4 Nxe4 13. Ng6 Qg5 14. Qf3 Qxg6
15. dxe4 Nd8 16. Nd2 Kh8 17. Bc2 Ne6 18. b4 Rac8 19. a4 c6 20. c4 Rc7 21. Bb3
bxc4 22. Nxc4 Rd8 23. Nb6 Ng5 24. Qf5 Qxf5 25. exf5 Ne4 26. Rac1 Re7 27. Kh2
Nd2 28. Rf2 Nxb3 29. Rc3 Nd4 30. exd4 exd4 31. Rd3 c5 32. b5 Re5 33. Nc4 Re7
34. b6 f6 35. Rb2 Kh7 36. Na5 Rb8 37. Nxb7 Rbxb7 38. a5 Re5 39. Rf2 d5 40. h4
c4 41. Rd1 d3 42. Rf3 Re2 43. Rb1 d2 44. Rff1 c3 0-1

[Event "DEM U10/U10w 2008"]
[Site "Willingen GER"]
[Date "2008.05.16"]
[Round "9"]
[White "Greßmann, Moritz"]
[Black "Engert, Marvin"]
[Result "0-1"]
[Termination "normal"]
[Board "16"]
[WhiteElo "1172"]
[BlackElo "1271"]
[PlyCount "100"]
[WhiteFideId "24695084"]
[BlackFideId "12901164"]
[EventCountry "GER"]
[EventRounds "11"]
[EventType "swiss"]
[EventDate "2008.05.10"]

1. e4 e5 2. Nf3 Nc6 3. Bc4 Nf6 4. d3 Bc5 5. c3 d5 6. exd5 Nxd5 7. O-O O-O 8.
Nbd2 Bf5 9. Ne4 Bb6 10. Ng3 Bg4 11. h3 Be6 12. Ng5 Qd7 13. d4 exd4 14. Bd3 h6
15. Nxe6 fxe6 16. cxd4 Bxd4 17. Bb5 Bb6 18. Qg4 Nf6 19. Qe2 Rae8 20. Bd2 a6 21.
Ba4 Ba7 22. Rad1 Nd5 23. Bb3 Nd4 24. Qd3 Nxb3 25. Qxb3 Qf7 26. Be1 Bb6 27. Kh1
Qg6 28. a4 a5 29. Qb5 Nf4 30. Bxa5 Rf5 31. Qb4 Bxa5 32. Qxb7 Rf7 33. Qb5 Rf5
34. Qb7 Ref8 35. Qb5 Ra8 36. Qe5 h5 37. f3 Qxg3 38. Rg1 Bb6 39. Rd2 Bxg1 40.
Kxg1 Qg6 41. Qxc7 Qg3 42. Qc2 Rc8 43. Qd1 Nxh3+ 44. Kf1 Ng5 45. Qe2 Rc1+ 46.
Rd1 Rxd1+ 47. Qxd1 Nxf3 48. gxf3 Qxf3+ 49. Qxf3 Rxf3+ 50. Kg2 Rb3 0-1